| 000 | 01896nam a2200337 i 4500 | ||
|---|---|---|---|
| 003 | EG-GICUC | ||
| 005 | 20260228132339.0 | ||
| 008 | 260209s1969 ua |||fr|||| 00| 0 ara d | ||
| 040 |
_a EG-GICUC _bara _c EG-GICUC _d EG-GICUC _erda |
||
| 041 | 0 | _aAra | |
| 082 | 0 | 4 |
_221 _a343.47 _bس ع . م |
| 092 | 0 | 4 | _221 |
| 099 | _aLaw1 10 343.47 س ع . م 1969 | ||
| 100 | 0 |
_aسعيد محمود السيد _eمؤلف. |
|
| 245 | 1 | 2 |
_aالموسوعة الجنائية للتشريعات الجنائية الخاصة. _nالمجلد الأول / _cتأليف القاضى سعيد محمود السيد، وكيل النائب العام فتحى السيد لاشين. |
| 264 | 1 |
_aالقاهرة : _bدار الفكر الإشتراكى، _c1969. |
|
| 300 |
_a750 ؛صفحة _c24 سم. |
||
| 336 |
_2rda content _atext |
||
| 337 |
_2rda media _aComputer |
||
| 338 |
_2rda carrier _aOnline Resource |
||
| 490 | _aالمراجع القانونية | ||
| 500 | _aقوانين الأحوال المدنية قوانين الأمن العام وأسلحة والذخائر ومكافحة المخدرات والتجمهر والمظاهرات قوانين الصحة العامة قوانين النشاط التجارى والمحال العامة ومكافحة الغش قوانين التنظيم والإسكان قوانين تنظيم للمواصلات قوانين تنظيم المهن والحرف طبقا لأحدث التعديلات معلقا على نصوصها بأحكام النقض. | ||
| 546 | _aالنص باللغة العربية | ||
| 650 | 1 |
_aتشريعات جنائية خاصة أخرى _2qrmak |
|
| 650 | 1 |
_aالقانون الجنائى _2qrmak |
|
| 651 | 1 | _2qrmak | |
| 700 |
_aفتحى السيد لاشين _eمؤلف مشارك. |
||
| 856 | 4 | 0 | _uhttps://fll.law.cu.edu.eg/fulltext/bks/B10-08788.pdf |
| 905 | _a54 | ||
| 942 |
_2ddc _cBK _e21 _n0 |
||
| 999 |
_c61749 _d61749 |
||